zpět

Detail výsledku týmu

Organza, Liberec

Datum a čas kvízu

24.5 Celkem bodů Celkový počet nahraných bodů na tomto kvízu bez doplňovacích otázek.
5. Pořadí na kvízu Konečné umístění týmu na tomto kvízu.

Zaznamenané odpovědi

# Otázka Odpověď Body Výsledky
1. Minulý týden bylo oznámeno, že... kněz 0
2. Policie v Nashvillu v americké... C) hrál v pornografickém filmu 1
3. Jak se jmenuje či jak si říká... Martin Mikyska / Mikýř 1
4. Do mobilní aplikace Portál obč... DROZD 1
5. Napište jména dvou českých rep... Roman Červenka, Lukáš Dostál 0
11. Jak se nazývá specializované o... A 0
12. Jak se jmenuje ovoce na obrázk... papája 1
13. Nyní nás bude zajímat ovoce zv... C 0
14. Vypište z následující řady dva... jackfruit, rambutan 0
15. Níže jsou názvy tří odrůd jabl... C 1